| Поле | Инд. | ПП | Название | Значение |
|---|---|---|---|---|
| Тип записи | a | |||
| Библиографический уровень | c | |||
| 001 | Контрольный номер | fef86d1033fd4d0082c7209f52b63aa3 | ||
| 005 | Дата корректировки | 20260603112907.9 | ||
| 040 | b | Код языка каталог. | rus | |
| e | Правила каталог. | PSBO | ||
| 041 | 0_ | a | Код языка текста | rus |
| 097 | b | Оператор | *Ир* | |
| 245 | 10 | a | Заглавие | Рабочая программа образовательной дисциплины ОУП.08 "Биология". Специальность: 07.02.01 Архитектура. Направленность программы: Архитектурно-строительное черчение, графика и проектирование с использованием систем автоматизированного проектирования. Форма обучения – очная |
| b | Продолж. заглавия | в составе учебно-методического комплекса | ||
| c | Ответственность | Кафедра "Биотехнология, химия и стандартизация" | ||
| c | Ответственность | разработчик М.Г. Сульман | ||
| 260 | a | Место издания | Тверь | |
| c | Дата издания | 2026 | ||
| b | Издательство | ТвГТУ | ||
| 440 | _0 | a | Серия | УМК-РП |
| 500 | a | Примечание | 6/2026э | |
| 516 | 8_ | a | Прим. о типе комп. файла/ данных | Текст : электронный |
| a | Прим. о типе комп. файла/ данных | Дата обращения: 08.04.2026 | ||
| 535 | 1_ | a | Хранилище | сайт ТвГТУ |
| 655 | a | Жанр/ форма (устаревшее) | М | |
| 773 | 18 | w | Контрольный № источника | 0acd1402707941ea8d2ecf293a54931a |
| 856 | 40 | u | URL | https://new.tstu.tver.ru/documents/p6x0m6w10g.pdf?v=2 |
| 901 | t | Тип документа | y | |
| 905 | b | Дата создания записи обработка | 08.04.26 | |
| 922 | c | Кафедра | Биотехнология, химия и стандартизация | |
| 951 | i | EL-ТГТУ? | Да | |
| 952 | d | Цикл дисциплин | 1 | |
| g | 1 | |||
| a | Тип литературы для КСУ ВШ | П | ||
| 990 | j | Количество экземпляров (DOS) | 1 |